Una lectura sociológica de la gerencia /

Saved in:
Bibliographic Details
Main Author: Romero Salazar, Juan José
Format: Text
Subjects:
Tags: Add Tag
No Tags, Be the first to tag this record!

MARC

LEADER 00000 a a2200000 04500
001 7365
003
040
100 |a Romero Salazar, Juan José  
245 |a Una lectura sociológica de la gerencia /  |c Juan José Romero Salazar 
650 |a SOCIOLOGIA  
650 |a ORGANIZACION DEL TRABAJO  
650 |a ADMINISTRACION  
650 |a PRODUCTIVIDAD DEL TRABAJO  
650 |a CAPITALISMO  
773 |g volumen 17, número 1; páginas 7-25  
999 |c 36207  |d 36207